Correspondencia sobre la causa del despojo de las Villas, entre don Juan Chacón, capellán de la Catedral, en nombre del Deán y Cabildo y el licenciado don Luis de Almanza, canónigo doctoral de dicha Santa Iglesia

Detalles Bibliográficos
Otros Autores: Juan Chacon
Formato: Libro
Publicado: s.l., 1654
Materias:
Colección:Banco de datos
Acervo:Biblioteca Palafoxiana. Colección de Manuscritos
Descripción Física:6 f. ; 21.5 x 31.5 cm.
Tema general:Eclesiástica
LEADER 00553nam a22001450004500
035 |a 752 
245 1 0 |a Correspondencia sobre la causa del despojo de las Villas, entre don Juan Chacón, capellán de la Catedral, en nombre del Deán y Cabildo y el licenciado don Luis de Almanza, canónigo doctoral de dicha Santa Iglesia 
260 |a s.l., 1654 
300 |a 6 f. ; 21.5 x 31.5 cm. 
650 1 0 |a Eclesiástica 
700 1 |a Juan Chacon 
949 |a 19583/001 
942 |c PALAMANU 
943 |g Biblioteca Palafoxiana. Colección de Manuscritos 
999 |c 1068697  |d 1068697